[Event "Michigan Women's"]
[Site "Detroit, MI"]
[Date "1999.12.18"]
[Round "1"]
[White "Ruiz, Nancy"]
[Black "Thompson, Shereece"]
[Result "0-1"]
[WhiteElo "512"]
[BlackElo "779"]
[PlyCount "48"]
[EventDate "1999.12.18"]

1. e4 e5 2. d3 Nc6 3. Nc3 Bc5 4. Nf3 Nf6 5. a3 O-O 6. Bd2 h6 7. Ne2 d6 8. c3
Bg4 9. h3 Bh5 10. d4 Bxf3 11. gxf3 exd4 12. cxd4 Nxd4 13. Nxd4 Bxd4 14. Bd3 Nh5
15. Rc1 Qh4 16. Qe2 g5 17. b3 Nf4 18. Bxf4 Qxf4 19. Rd1 Qh4 20. Rd2 c6 21. a4
d5 22. e5 Rfe8 23. Be4 Rxe5 24. Rxd4 dxe4 0-1

[Event "Michigan Women's"]
[Site "Detroit, MI"]
[Date "1999.12.18"]
[Round "3"]
[White "Ruiz, Nancy"]
[Black "Roberson, ReKenya"]
[Result "1-0"]
[WhiteElo "512"]
[BlackElo "431"]
[PlyCount "57"]
[EventDate "1999.12.18"]

1. e4 e6 2. Nc3 Bc5 3. d3 Qf6 4. Nf3 Qh6 5. Bxh6 gxh6 6. d4 Bb4 7. h4 f6 8. a3
Bd6 9. d5 exd5 10. Nxd5 c6 11. Nc3 c5 12. b4 cxb4 13. axb4 Bxb4 14. Rb1 Bxc3+
15. Nd2 Bxd2+ 16. Qxd2 a5 17. Bb5 a4 18. Ra1 a3 19. c3 Nc6 20. Bc4 b5 21. Bb3
Ra5 22. c4 bxc4 23. Bxc4 Ne5 24. Bb3 Ne7 25. f4 Nf3+ 26. gxf3 Rd5 27. exd5 Bb7
28. d6 Nc6 29. Rxa3 {[Here Black castled illegally. 1=0, 35]} 1-0

[Event "Michigan Women's"]
[Site "Detroit, MI"]
[Date "1999.12.18"]
[Round "4"]
[White "Ruiz, Nancy"]
[Black "Gaskins, Jaquese"]
[Result "0-1"]
[WhiteElo "512"]
[BlackElo "642"]
[PlyCount "38"]
[EventDate "1999.12.18"]

1. e4 b6 2. Nc3 Nc6 3. Nf3 Bb7 4. d4 g6 5. Be3 Nf6 6. Bd3 Bg7 7. a4 O-O 8. Bg5
Rc8 9. Bf4 Nh5 10. Bg5 Nxd4 11. Nxd4 Bxd4 12. Be3 Bxe3 13. fxe3 a6 14. Qf3 b5
15. axb5 axb5 16. Bxb5 c6 17. Ba4 d5 18. e5 e6 19. Bb3 f6 {[Remainder illegilb]
} 0-1

[Event "Michigan Action"]
[Site "Detroit, MI"]
[Date "1999.12.18"]
[Round "2"]
[White "Rucker, Ed"]
[Black "Jointer, William"]
[Result "0-1"]
[WhiteElo "1081"]
[BlackElo "1600"]
[PlyCount "60"]
[EventDate "1999.12.18"]

1. d4 Nf6 2. Nc3 g6 3. e4 d6 4. e5 dxe5 5. dxe5 Qxd1+ 6. Nxd1 Ng4 7. Nf3 Bg7 8.
Bf4 Nc6 9. Bb5 Bd7 10. Bxc6 Bxc6 11. h3 Bxf3 12. gxf3 Nxe5 13. Bxe5 Bxe5 14. c3
O-O-O 15. O-O Rd2 16. Re1 Bf6 17. Rb1 Rhd8 18. Ne3 Bh4 19. Rf1 Re2 20. Ng2 Bf6
21. Rfe1 Rdd2 22. Rxe2 Rxe2 23. Nf4 Rd2 24. Kg2 Bh4 25. Re1 Rxf2+ 26. Kg1 Rxf3
27. Nd5 Bxe1 28. Nxe7+ Kd7 29. Kg2 Rf2+ 30. Kg1 Kxe7 0-1

[Event "Michigan Action"]
[Site "Detroit, MI"]
[Date "1999.12.18"]
[Round "5"]
[White "Rucker, Ed"]
[Black "Cornell, Josh"]
[Result "1/2-1/2"]
[WhiteElo "1081"]
[BlackElo "686"]
[PlyCount "73"]
[EventDate "1999.12.18"]

1. d4 e5 2. dxe5 Nc6 3. Nf3 f6 4. Bf4 Qe7 5. exf6 Nxf6 6. Bxc7 Qb4+ 7. c3 Qxb2
8. Nbd2 Qxc3 9. e3 Nd5 10. Bg3 Bb4 11. Rc1 Nxe3 12. fxe3 Qxe3+ 13. Qe2 Bxd2+
14. Nxd2 Qxe2+ 15. Bxe2 d5 16. O-O Nd4 17. Bd3 b6 18. Bd6 Bg4 19. Rce1+ Kd7 20.
Be5 Nc6 21. Bb5 a6 22. Rf7+ Ke6 23. Rxg7 axb5 24. Rxg4 Rhc8 25. Bd4+ Kd6 26.
Bxb6 Rxa2 27. Rd1 Ne5 28. Rd4 Nc4 29. Nxc4+ bxc4 30. Rxd5+ Kc6 31. Rc5+ Kb7 32.
Rd7+ Kxb6 33. Rxc8 Ra1+ 34. Kf2 Ra2+ 35. Ke3 Ra3+ 36. Ke4 c3 37. Rd3 1/2-1/2

[Event "Michigan Women's"]
[Site "Detroit, MI"]
[Date "1999.12.18"]
[Round "2"]
[White "Roberson, ReKenya"]
[Black "Horne, Terese"]
[Result "0-1"]
[WhiteElo "431"]
[BlackElo "740"]
[PlyCount "76"]
[EventDate "1999.12.18"]

1. e4 e5 2. Bc4 Nf6 3. Qf3 Bc5 4. Qh3 d6 5. Qh4 O-O 6. d3 Nc6 7. d4 exd4 8. e5
Nxe5 9. Bg5 Nxc4 10. Bxf6 Qxf6 11. Qxf6 gxf6 12. Nf3 Re8+ 13. Kd1 Bg4 14. h3
Bxf3+ 15. gxf3 Nxb2+ 16. Kc1 Nc4 17. c3 dxc3 18. Rg1+ Kh8 19. h4 Re7 20. h5
Rae8 21. a3 Bxa3+ 22. Nxa3 Re1+ 23. Kc2 Rxg1 24. Nxc4 Rxa1 25. Kxc3 Rf1 26. f4
Rxf2 27. Kb3 Rxf4 28. Kc3 Rxc4+ 29. Kd2 Ree4 30. h6 Rh4 31. Ke2 Rh3 32. Kf2
Rxh6 33. Ke3 a5 34. Kd2 a4 35. Ke2 a3 36. Kf2 a2 37. Kg3 a1=Q 38. Kf2 Rc1 0-1

[Event "Michigan Women's"]
[Site "Detroit, MI"]
[Date "1999.12.18"]
[Round "4"]
[White "Roberson, ReKenya"]
[Black "Haugabook, Rashida"]
[Result "0-1"]
[WhiteElo "431"]
[BlackElo "317"]
[PlyCount "32"]
[EventDate "1999.12.18"]

1. e4 e5 2. Nc3 Nf6 3. Bc4 Nxe4 4. f3 Nxc3 5. bxc3 Bc5 6. Ke2 h5 7. Kd3 e4+ 8.
Kxe4 Bxg1 9. Rxg1 h4 10. Rb1 h3 11. f4 hxg2 12. Rxg2 g6 13. Qg4 f5+ 14. Kf3 Qe7
15. Qh3 Rxh3+ 16. Kf2 Qh4+ {[Remainder illegible]} 0-1

[Event "Michigan Action"]
[Site "Detroit, MI"]
[Date "1999.12.18"]
[Round "5"]
[White "Roberes, Thomas"]
[Black "Hartsfield, Jonathan"]
[Result "1-0"]
[WhiteElo "682"]
[BlackElo "868"]
[PlyCount "48"]
[EventDate "1999.12.18"]

1. e4 c5 2. Nf3 e6 3. Bc4 d6 4. c3 Nc6 5. d4 b6 6. O-O Nf6 7. dxc5 bxc5 8. Re1
a6 9. e5 dxe5 10. Qxd8+ Nxd8 11. Nxe5 Bb7 12. Nd3 Bd6 13. Be3 Nc6 14. Bxc5 Bxc5
15. Nxc5 Bc8 16. Nd2 O-O 17. Rad1 Re8 18. b4 Rd8 19. Nf3 Re8 20. b5 axb5 21.
Bxb5 Ra5 22. Bxc6 Re7 23. Rd8+ Re8 24. Bxe8 h6 1-0

[Event "Michigan Action"]
[Site "Detroit, MI"]
[Date "1999.12.18"]
[Round "1"]
[White "Roberes, Thomas"]
[Black "Dyer, Todd"]
[Result "0-1"]
[WhiteElo "682"]
[BlackElo "1499"]
[PlyCount "49"]
[EventDate "1999.12.18"]

1. d4 Nf6 2. c4 d5 3. Nf3 c6 4. Nc3 Bg4 5. e3 e6 6. Be2 dxc4 7. e4 Bb4 8. e5
Ne4 9. Qc2 Nxc3 10. bxc3 Be7 11. Qd1 b5 12. Be3 Nd7 13. O-O Nb6 14. h3 Bh5 15.
Qc2 Nd5 16. Rfe1 O-O 17. Rad1 Rb8 18. Rb1 Qa5 19. Bd2 Rb6 20. Rb2 Bg6 21. Qc1
Ba3 22. Nh4 Ra6 23. Nxg6 hxg6 24. Qc2 Bxb2 25. Qxb2 0-1

[Event "Kalamazoo December Mini-Swiss.2"]
[Site "Kalamazoo, MI"]
[Date "1999.12.18"]
[Round "1"]
[White "Ringler, Dave"]
[Black "Kotman, Larry"]
[Result "0-1"]
[WhiteElo "1127"]
[BlackElo "1191"]
[PlyCount "61"]
[EventDate "1999.12.18"]

1. e4 d6 2. f4 Nf6 3. Nc3 g6 4. d4 Bg7 5. Bb5+ Bd7 6. Bxd7+ Nbxd7 7. h3 O-O 8.
Be3 e5 9. Nge2 c6 10. Qd2 b5 11. O-O-O b4 12. Na4 a5 13. Ng3 Qe7 14. f5 Nh5 15.
Nxh5 gxh5 16. Bh6 f6 17. Bxg7 Qxg7 18. dxe5 Nxe5 19. Qxd6 Qf7 20. b3 Ra7 21.
Nc5 a4 22. Qe6 axb3 23. Qxf7+ Rfxf7 24. axb3 Kg7 25. Ne6+ Kh6 26. g4 h4 27.
Rhg1 Ra3 28. Rg2 Ra1+ 29. Kb2 Rxd1 30. Nc5 Ra7 31. Na4 0-1

[Event "Kalamazoo December Mini-Swiss.2"]
[Site "Kalamazoo, MI"]
[Date "1999.12.18"]
[Round "3"]
[White "Ringler, Dave"]
[Black "Jensen, Robert"]
[Result "1-0"]
[WhiteElo "1127"]
[BlackElo "1386"]
[PlyCount "81"]
[EventDate "1999.12.18"]

1. e4 e5 2. f4 exf4 3. Nf3 d5 4. exd5 Qxd5 5. Nc3 Qe6+ 6. Be2 Be7 7. O-O Bd7 8.
d4 g5 9. Ne5 Qb6 10. Bc4 Be6 11. Bxe6 fxe6 12. Qh5+ Kd8 13. Nf7+ Kc8 14. Nxh8
Qxd4+ 15. Kh1 Qxh8 16. Qe8+ Bd8 17. Rd1 Nc6 18. Qxe6+ Kb8 19. Qd7 Qf6 20. Nb5
Qe7 21. Qd5 Nf6 22. Qxg5 a6 23. Nc3 Nd4 24. Bxf4 Nxc2 25. Rac1 Nb4 26. a3 Nc6
27. Nd5 Qf8 28. Nb6 Ne4 29. Nd7+ Kc8 30. Nxf8 Bxg5 31. Bxg5 Nxg5 32. Re1 Kb8
33. Re8+ Ka7 34. Rxa8+ Kxa8 35. h4 Ne4 36. Nxh7 Kb8 37. h5 Nd4 38. Kh2 Nf5 39.
g4 Nh6 40. g5 Ng4+ 41. Kh3 1-0

[Event "Kalamazoo December Mini-Swiss.1"]
[Site "Kalamazoo, MI"]
[Date "1999.12.18"]
[Round "2"]
[White "Perlmutter, David"]
[Black "Farmand, Farnood"]
[Result "0-1"]
[WhiteElo "1441"]
[BlackElo "1593"]
[PlyCount "118"]
[EventDate "1999.12.18"]

1. Nf3 d5 2. c4 Nf6 3. g3 dxc4 4. Na3 Bf5 5. Nxc4 Nc6 6. a3 e5 7. d3 e4 8. Nfe5
Nxe5 9. Nxe5 Qd5 10. d4 e3 11. f3 Bd6 12. Bxe3 Bxe5 13. dxe5 Qxe5 14. Bd4 Qe6
15. Qa4+ c6 16. Bg2 O-O 17. O-O Qxe2 18. Rfe1 Qc2 19. Qxc2 Bxc2 20. Re7 b6 21.
Rc1 Ba4 22. b4 Nd5 23. Re5 Rad8 24. Bb2 Rfe8 25. f4 f6 26. Ree1 Ne3 27. Bxc6
Bxc6 28. Rxc6 b5 29. Rc7 Nc4 30. Rxe8+ Rxe8 31. Bc3 Re3 32. Bd4 Rxa3 33. Rxa7
Rxa7 34. Bxa7 Kf7 35. Kf2 Ke6 36. Ke2 Kd5 37. Kd3 f5 38. h3 h5 39. Bg1 Nd6 40.
Bd4 g6 41. Bf2 Ne8 42. Ba7 Nc7 43. Bb6 Na6 44. Ba5 Nb8 45. Bc7 Nc6 46. Ba5 Nd4
47. Bb6 Ne6 48. Ba7 h4 49. Bf2 hxg3 50. Bxg3 Nd8 51. Bf2 Nc6 52. Bc5 Nd8 53.
Bb6 Ne6 54. Be3 Kd6 55. Bb6 Nxf4+ 56. Ke3 Nxh3 57. Ba7 g5 58. Bb8+ Kd5 59. Kd3
Nf4+ 0-1

[Event "Michigan Action"]
[Site "Detroit, MI"]
[Date "1999.12.18"]
[Round "6"]
[White "Norwood, Wayne"]
[Black "Skidmore, Mike"]
[Result "1/2-1/2"]
[WhiteElo "997"]
[BlackElo "1902"]
[PlyCount "48"]
[EventDate "1999.12.18"]

1. e4 c6 2. d4 d5 3. Nc3 dxe4 4. Nxe4 Bf5 5. Ng3 Bg6 6. Nf3 e6 7. Bf4 Be7 8. h4
h6 9. Bd3 Bxd3 10. Qxd3 Nf6 11. O-O Nd5 12. Be5 Nf6 13. Qd2 Nbd7 14. Bf4 Nd5
15. Be5 Nxe5 16. dxe5 Bxh4 17. Nxh4 Qxh4 18. Rfe1 O-O 19. Rad1 Rfd8 20. Re4 Qe7
21. Rg4 g5 22. Ne4 f5 23. exf6 Nxf6 24. Nxf6+ Qxf6 1/2-1/2

[Event "Michigan Action"]
[Site "Detroit, MI"]
[Date "1999.12.18"]
[Round "4"]
[White "Norwood, Wayne"]
[Black "Sims, Chris"]
[Result "0-1"]
[WhiteElo "997"]
[BlackElo "1372"]
[PlyCount "68"]
[EventDate "1999.12.18"]

1. e4 e5 2. Nf3 Nc6 3. Bc4 Bc5 4. b4 Bxb4 5. c3 Be7 6. O-O d6 7. d4 exd4 8.
cxd4 Bg4 9. Bb2 Nf6 10. Nbd2 O-O 11. Qb3 Na5 12. Qb4 Nxc4 13. Qxc4 Bxf3 14.
Nxf3 Nxe4 15. Qd5 Nf6 16. Qg5 h6 17. Qe3 Re8 18. Qc3 d5 19. Nh4 Ne4 20. Qf3
Bxh4 21. Qg4 Qg5 22. Qd7 Nd2 23. Rfc1 Re7 24. Qa4 Rae8 25. g3 Bxg3 26. hxg3
Nf3+ 27. Kg2 Qg4 28. Rf1 h5 29. Rh1 h4 30. Qc2 Re2 31. Qxc7 Rxb2 32. Rxh4 Nxh4+
33. Kf1 Qh3+ 34. Kg1 Nf3# 0-1

[Event "Michigan Action"]
[Site "Detroit, MI"]
[Date "1999.12.18"]
[Round "2"]
[White "Norwood, Wayne"]
[Black "Gramlich, Allen"]
[Result "0-1"]
[WhiteElo "997"]
[BlackElo "1509"]
[PlyCount "74"]
[EventDate "1999.12.18"]

1. e4 c5 2. c3 Nc6 3. Nf3 g6 4. d4 cxd4 5. cxd4 Bg7 6. Nc3 d6 7. Bb5 Bg4 8. h3
Bxf3 9. Qxf3 Qb6 10. d5 a6 11. dxc6 axb5 12. cxb7 Qxb7 13. O-O Nf6 14. Bf4 b4
15. Nd5 Nxd5 16. exd5 O-O 17. Qb3 Ra5 18. Rfd1 Rc8 19. a3 Qa8 20. Qxb4 Rb8 21.
Qe4 Rxb2 22. Qxe7 Rb7 23. Qxd6 Bxa1 24. Rxa1 Rxd5 25. Qxd5 Rb1+ 26. Rxb1 Qxd5
27. Bh6 f6 28. Rb8+ Kf7 29. Rf8+ Ke7 30. Bg7 h5 31. Rxf6 Qg8 32. Rxg6 Kf7 33.
Rg5 Qh7 34. Be5 Qh6 35. Rg7+ Ke6 36. Bb2 Qd2 37. Rg6+ Kd5 0-1

[Event "Michigan Women's"]
[Site "Detroit, MI"]
[Date "1999.12.18"]
[Round "2"]
[White "Moore, Stacey"]
[Black "Yancey, Seleana"]
[Result "1-0"]
[WhiteElo "1053"]
[BlackElo "874"]
[PlyCount "73"]
[EventDate "1999.12.18"]

1. d4 d5 2. Nf3 c5 3. e3 Nc6 4. dxc5 e5 5. Nc3 Nf6 6. a3 Bxc5 7. Bd3 e4 8. b4
Bf8 9. Bxe4 Nxe4 10. Nxd5 Be6 11. c4 Bxd5 12. cxd5 Nc3 13. Qc2 Nxd5 14. Bb2 Rc8
15. Rd1 Rc7 16. O-O Nce7 17. Qa4+ Qd7 18. Qxa7 b6 19. Qb8+ Qd8 20. Qxd8+ Kxd8
21. e4 Rc2 22. Bc1 Kc7 23. exd5 Kd6 24. Bf4+ Kd7 25. Rfe1 Ra2 26. d6 Nc6 27. b5
Na5 28. Ne5+ Ke6 29. d7 Nb7 30. Nc6+ Kf5 31. Bc7 Bxa3 32. d8=Q Nxd8 33. Bxd8
Rb2 34. Rd5+ Kf4 35. g3+ Kf3 36. h3 g6 37. Nd4# 1-0

[Event "Michigan Women's"]
[Site "Detroit, MI"]
[Date "1999.12.18"]
[Round "2"]
[White "Moore, Gemma"]
[Black "Ruiz, Nancy"]
[Result "1-0"]
[WhiteElo "796"]
[BlackElo "512"]
[PlyCount "93"]
[EventDate "1999.12.18"]

1. e4 e5 2. Nf3 d6 3. Bc4 Nh6 4. d4 f6 5. d5 Nf7 6. Nc3 Be7 7. Be3 c6 8. O-O
Bd7 9. a3 g6 10. Qd2 f5 11. Rad1 a6 12. h3 Bf6 13. b4 O-O 14. h4 Re8 15. dxc6
bxc6 16. Ng5 Rf8 17. Qxd6 Kg7 18. Nxf7 Rxf7 19. Bxf7 Kxf7 20. g3 h6 21. Bxh6 a5
22. bxa5 Rxa5 23. f4 Na6 24. Qxd7+ Qe7 25. Qxe7+ Kxe7 26. a4 Nc5 27. Rd2 fxe4
28. Rfd1 Ra7 29. Rd8 e3 30. Bf8+ Kf7 31. Bxc5 Bxd8 32. Bxa7 Be7 33. fxe5 c5 34.
Rd7 e2 35. Nxe2 Ke6 36. Rc7 c4 37. Nf4+ Kf7 38. Bc5 Ke8 39. Rxe7+ Kf8 40. Nxg6+
Kg8 41. Rc7 c3 42. Rc8+ Kh7 43. Nf8+ Kh6 44. Kg2 Kh5 45. Kh3 Kh6 46. Rc7 Kh5
47. Rh7# 1-0

[Event "Michigan Women's"]
[Site "Detroit, MI"]
[Date "1999.12.18"]
[Round "1"]
[White "Moore, Charde"]
[Black "Roberson, ReKenya"]
[Result "1-0"]
[WhiteElo "887"]
[BlackElo "431"]
[PlyCount "44"]
[EventDate "1999.12.18"]

1. d4 e6 2. e3 Bb4+ 3. c3 Bf8 4. Nf3 Qf6 5. Bd3 Be7 6. Nbd2 Nh6 7. O-O O-O 8.
e4 d6 9. e5 dxe5 10. dxe5 Qf4 11. Ne4 Qg4 12. Neg5 Qh5 13. Bxh7+ Kh8 14. Qd3 f6
15. exf6 gxf6 16. Bg6 Qg4 17. Nh7 Rg8 18. Qe4 f5 19. Qe5+ Rg7 20. Bxh6 Bd6 21.
Bxg7+ Kg8 22. Qf6 Nc6 1-0

[Event "Michigan Women's"]
[Site "Detroit, MI"]
[Date "1999.12.18"]
[Round "4"]
[White "Moore, Charde"]
[Black "Moore, Stacey"]
[Result "1/2-1/2"]
[WhiteElo "887"]
[BlackElo "1053"]
[PlyCount "40"]
[EventDate "1999.12.18"]

1. e4 e5 2. Qf3 Qf6 3. Qxf6 Nxf6 4. Nf3 Nc6 5. Nc3 Nd4 6. Nd5 Nxd5 7. Nxd4 Bc5
8. Bc4 Bxd4 9. Bxd5 d6 10. d3 Bg4 11. Bg5 f6 12. f3 fxg5 13. fxg4 Rf8 14. Rf1
Bf2+ 15. Rxf2 c6 16. Bf7+ Rxf7 17. Rxf7 Kxf7 18. Ke2 Rf8 19. Rf1+ Ke7 20. Rxf8
Kxf8 1/2-1/2

[Event "Kalamazoo December Mini-Swiss.1"]
[Site "Kalamazoo, MI"]
[Date "1999.12.18"]
[Round "3"]
[White "Mills, Dan"]
[Black "Perlmutter, David"]
[Result "1/2-1/2"]
[WhiteElo "1470"]
[BlackElo "1441"]
[PlyCount "58"]
[EventDate "1999.12.18"]

1. f4 d6 2. e3 Nf6 3. b3 g6 4. Bb2 Bg7 5. Nc3 O-O 6. Bc4 Bg4 7. Be2 Qc8 8. Rb1
Nc6 9. Nf3 Re8 10. O-O Bf5 11. Ng5 Qd7 12. Bb5 a6 13. Bxc6 Qxc6 14. d3 h6 15.
Nf3 Ng4 16. Qd2 Nxe3 17. Qxe3 Bxc3 18. Nd4 Bxd4 19. Qxd4 f6 20. Qf2 a5 21. Rbe1
a4 22. Re2 axb3 23. axb3 Ra2 24. Bd4 Kf7 25. Rfe1 Qd7 26. h3 c5 27. Ba1 Qc8 28.
g4 Bd7 29. Qh4 e5 1/2-1/2

[Event "Kalamazoo December Mini-Swiss.1"]
[Site "Kalamazoo, MI"]
[Date "1999.12.18"]
[Round "1"]
[White "Mills, Dan"]
[Black "Dorrington, Eldon"]
[Result "1/2-1/2"]
[WhiteElo "1470"]
[BlackElo "1697"]
[PlyCount "70"]
[EventDate "1999.12.18"]

1. f4 Nf6 2. b3 d5 3. Bb2 e6 4. e3 Nc6 5. Nf3 Be7 6. Bb5 a6 7. Bxc6+ bxc6 8.
Nc3 O-O 9. O-O c5 10. Ne5 Bb7 11. Qf3 Rb8 12. Ne2 Ne4 13. Rad1 f5 14. Ng3 Nf6
15. Nh5 Qe8 16. Nxf6+ Bxf6 17. Ba3 Be7 18. d4 cxd4 19. Bxe7 Qxe7 20. Rxd4 c5
21. Rd2 a5 22. Qe2 Qd6 23. c4 Rbd8 24. cxd5 exd5 25. Qd1 Qb6 26. Qc2 Kh8 27.
Rc1 c4 28. Kf2 cxb3 29. Qc5 Qxc5 30. Rxc5 bxa2 31. Rxa2 d4 32. Rc7 Bd5 33. Rxa5
dxe3+ 34. Kxe3 Bg8 35. Raa7 g6 1/2-1/2

[Event "Michigan Action"]
[Site "Detroit, MI"]
[Date "1999.12.18"]
[Round "2"]
[White "Menczer, David"]
[Black "Skidmore, Mike"]
[Result "1-0"]
[WhiteElo "1325"]
[BlackElo "1902"]
[PlyCount "61"]
[EventDate "1999.12.18"]

1. e4 c6 2. d4 d5 3. Nc3 e6 4. e5 Nd7 5. Nf3 a6 6. a3 c5 7. dxc5 Nxc5 8. Be2
Ne7 9. b4 Nd7 10. Bb2 Ng6 11. Na2 b5 12. Bd4 Be7 13. Nc1 O-O 14. Nd3 Bb7 15.
O-O f6 16. exf6 gxf6 17. Be3 e5 18. Nc1 Kh8 19. Re1 Rg8 20. Bf1 d4 21. Bh6 Nb6
22. Nb3 Nd5 23. Nc1 Ndf4 24. Bxf4 Nxf4 25. g3 Qd5 26. Bg2 Nxg2 27. Kxg2 e4 28.
Nxd4 e3+ 29. Nf3 Qxd1 30. Rxd1 exf2 31. Kxf2 1-0

[Event "Michigan Action"]
[Site "Detroit, MI"]
[Date "1999.12.18"]
[Round "6"]
[White "Menczer, David"]
[Black "McCrandell, James"]
[Result "1-0"]
[WhiteElo "1325"]
[BlackElo "1101"]
[PlyCount "43"]
[EventDate "1999.12.18"]

1. e4 e5 2. d4 exd4 3. c3 dxc3 4. Bc4 cxb2 5. Bxb2 Nf6 6. e5 Qe7 7. Qe2 Ng8 8.
Nc3 c6 9. Nf3 g6 10. O-O Bg7 11. Ne4 Nh6 12. Nd6+ Kd8 13. Qc2 Na6 14. Ba3 c5
15. Qb3 Rf8 16. Nxb7+ Bxb7 17. Qxb7 Nc7 18. Rab1 d5 19. exd6 Qf6 20. dxc7+ Kd7
21. c8=Q+ Kd6 22. Qcc6# 1-0

[Event "Michigan Action"]
[Site "Detroit, MI"]
[Date "1999.12.18"]
[Round "4"]
[White "Menczer, David"]
[Black "Johnson, Christopher"]
[Result "1-0"]
[WhiteElo "1325"]
[BlackElo "830"]
[PlyCount "73"]
[EventDate "1999.12.18"]

1. e4 e5 2. d4 f6 3. d5 c6 4. c4 Bd6 5. Nc3 Na6 6. Be3 Bc5 7. Bxc5 Nxc5 8. b4
Na6 9. a3 Ne7 10. d6 Ng6 11. c5 b6 12. Qb3 bxc5 13. Be2 Rb8 14. Qa4 cxb4 15.
axb4 Nxb4 16. Rb1 a5 17. Nf3 Nf4 18. Bc4 Nfd3+ 19. Bxd3 Nxd3+ 20. Ke2 Nf4+ 21.
Kd2 Rxb1 22. Rxb1 O-O 23. g3 Ng2 24. Rg1 Qb6 25. Rxg2 Qb2+ 26. Qc2 Qb4 27. Qd3
c5 28. Ne1 c4 29. Qd5+ Kh8 30. Nc2 Qb7 31. Qxa5 f5 32. Qxe5 Qc6 33. Nd4 Qb7 34.
Nxf5 Qb2+ 35. Ke3 Qc1+ 36. Kf3 Bb7 37. Qxg7# 1-0

[Event "Michigan Action"]
[Site "Detroit, MI"]
[Date "1999.12.18"]
[Round "5"]
[White "McKinzie, Maurice"]
[Black "Wheeler, DeAndre"]
[Result "1-0"]
[WhiteElo "606"]
[BlackElo "572"]
[PlyCount "65"]
[EventDate "1999.12.18"]

1. Nf3 d5 2. Nc3 Nf6 3. d4 c6 4. Bg5 h6 5. Bxf6 exf6 6. e4 f5 7. exd5 cxd5 8.
Qe2+ Be6 9. Qb5+ Bd7 10. Qxb7 Bc6 11. Bb5 Bd7 12. Qxa8 Nc6 13. Bxc6 Bxc6 14.
Qxc6+ Qd7 15. Qxd7+ Kxd7 16. Ne5+ Ke6 17. O-O-O Bd6 18. Rhe1 f6 19. Nc4+ Be5
20. dxe5 fxe5 21. Rxe5+ Kf6 22. Nxd5+ Kg6 23. Rde1 Rc8 24. Ne7+ Kg5 25. Nxc8 a6
26. Ne3 Kf6 27. Nd5+ Kg5 28. R1e4 Kg6 29. Nce7+ Kh7 30. Rxf5 g5 31. Rf7+ Kh8
32. Nf5 h5 33. Re8# 1-0

[Event "Michigan Action"]
[Site "Detroit, MI"]
[Date "1999.12.18"]
[Round "1"]
[White "McKinzie, Maurice"]
[Black "Hooker, Larry"]
[Result "0-1"]
[WhiteElo "606"]
[BlackElo "1409"]
[PlyCount "94"]
[EventDate "1999.12.18"]

1. Nc3 d5 2. Nf3 Nc6 3. d4 Nf6 4. Bg5 Bf5 5. Bxf6 exf6 6. e3 Bb4 7. Qd2 Qd6 8.
Bb5 O-O 9. O-O Ne7 10. Qd1 Bg4 11. h3 Bh5 12. e4 Bxc3 13. bxc3 dxe4 14. g4 exf3
15. gxh5 Qd5 16. Re1 Qxb5 17. Rxe7 Qxh5 18. Re3 Qxh3 19. Rxf3 Qg4+ 20. Kh2 Rfe8
21. Qd3 Qe4 22. Qxe4 Rxe4 23. Rg1 Rh4+ 24. Kg2 Rg4+ 25. Rg3 Rxg3+ 26. Kxg3 Re8
27. Rb1 b6 28. c4 Re2 29. c5 Rxc2 30. cxb6 axb6 31. a4 Rc4 32. a5 Rxd4 33. axb6
cxb6 34. Rxb6 Rd8 35. f4 f5 36. Rb5 g6 37. Kh4 Rd4 38. Kg5 Kg7 39. Re5 f6+ 40.
Kh4 Rxf4+ 41. Kg3 Rg4+ 42. Kh3 fxe5 43. Kh2 e4 44. Kh3 e3 45. Kh2 e2 46. Kh1
e1=Q+ 47. Kh2 Qh4# 0-1

[Event "Michigan Action"]
[Site "Detroit, MI"]
[Date "1999.12.18"]
[Round "3"]
[White "McKinzie, Maurice"]
[Black "Elster, Isaac"]
[Result "1-0"]
[WhiteElo "606"]
[BlackElo "367"]
[PlyCount "39"]
[EventDate "1999.12.18"]

1. Nc3 e5 2. Nf3 d6 3. d4 Nc6 4. dxe5 dxe5 5. Qxd8+ Kxd8 6. Bg5+ Ke8 7. O-O-O
Bf5 8. e4 Bd6 9. exf5 Rc8 10. Bb5 a6 11. Bxc6+ bxc6 12. Rde1 Rb8 13. Nxe5 Bxe5
14. Rxe5+ Kd7 15. Rd1+ Kc8 16. Re8+ Kb7 17. Rxb8+ Kxb8 18. Rd8+ Kb7 19. f6 Nxf6
20. Rxh8 1-0

[Event "Michigan Action"]
[Site "Detroit, MI"]
[Date "1999.12.18"]
[Round "1"]
[White "McFolley, Tyrone"]
[Black "Skidmore, Jennifer"]
[Result "0-1"]
[WhiteElo "893"]
[BlackElo "1889"]
[PlyCount "80"]
[EventDate "1999.12.18"]

1. e4 e5 2. Nf3 d6 3. Bc4 Be7 4. d4 Nf6 5. dxe5 Nxe4 6. O-O O-O 7. Re1 Nc5 8.
Nc3 c6 9. Bf4 d5 10. Be2 Bf5 11. Nd4 Be6 12. Nxe6 Nxe6 13. Bg3 Nd7 14. Bg4 Bb4
15. Qf3 d4 16. Ne2 Bxe1 17. Rxe1 Qa5 18. Ra1 Nxe5 19. Qb3 Nxg4 20. h3 Nf6 21.
Qxb7 Rfc8 22. Qb3 c5 23. c3 c4 24. Qd1 d3 25. Nf4 Nxf4 26. Bxf4 Re8 27. Be3 Nd5
28. Bd4 Rab8 29. b3 cxb3 30. axb3 Nxc3 31. Rxa5 Nxd1 32. Ra1 Nb2 33. Ra2 Rxb3
34. Rxa7 Nc4 35. Be3 d2 36. Bxd2 Nxd2 37. Ra2 Nc4 38. Kh1 h6 39. Rc2 Ne5 40.
Re2 Rb4 0-1

[Event "Michigan Action"]
[Site "Detroit, MI"]
[Date "1999.12.18"]
[Round "3"]
[White "McFolley, Tyrone"]
[Black "Dyer, Todd"]
[Result "0-1"]
[WhiteElo "893"]
[BlackElo "1499"]
[PlyCount "60"]
[EventDate "1999.12.18"]

1. e4 c6 2. d4 d5 3. exd5 cxd5 4. Nf3 Nf6 5. h3 Bf5 6. Bd3 Bxd3 7. Qxd3 Nc6 8.
Nc3 e6 9. Bg5 Be7 10. O-O O-O 11. a3 Na5 12. Rfe1 Rc8 13. Rac1 Nc4 14. b3 Nb6
15. Ne2 Bxa3 16. Ra1 Be7 17. Rxa7 Qc7 18. Ra2 Ra8 19. Rxa8 Rxa8 20. Rc1 Ne4 21.
Bxe7 Qxe7 22. Nc3 Nxc3 23. Qxc3 Qa3 24. Qd2 Rc8 25. Ne1 Nd7 26. Kh1 Nf6 27. f3
Qd6 28. Nd3 Nh5 29. Ra1 Ng3+ 30. Kg1 f6 0-1

[Event "Michigan Action"]
[Site "Detroit, MI"]
[Date "1999.12.18"]
[Round "2"]
[White "McCrandell, James"]
[Black "Steen, Harold"]
[Result "0-1"]
[WhiteElo "1101"]
[BlackElo "1706"]
[PlyCount "65"]
[EventDate "1999.12.18"]

1. e4 c5 2. Bc4 e6 3. d3 Nc6 4. Nf3 a6 5. a3 d6 6. Nc3 Be7 7. O-O Nf6 8. Ne2
Qc7 9. Ng3 b5 10. Ba2 Bb7 11. Bf4 Rc8 12. e5 dxe5 13. Bg5 Nd4 14. Nxd4 exd4 15.
Bxf6 Bxf6 16. Nh5 Be5 17. h3 Qc6 18. f3 g6 19. Qe1 f6 20. Nxf6+ Bxf6 21. Bxe6
Kf8 22. Bxc8 Bxc8 23. Qg3 Kf7 24. Rfe1 Be6 25. Re2 Re8 26. Rae1 c4 27. dxc4
bxc4 28. Qf2 d3 29. Qa7+ Re7 30. Rxe6 Rxa7 31. Rxc6 dxc2 32. Rxc4 Bxb2 33. Rxc2
0-1

[Event "Michigan Action"]
[Site "Detroit, MI"]
[Date "1999.12.18"]
[Round "4"]
[White "McCrandell, James"]
[Black "Jointer, William"]
[Result "0-1"]
[WhiteElo "1101"]
[BlackElo "1600"]
[PlyCount "30"]
[EventDate "1999.12.18"]

1. e4 g6 2. Nf3 c5 3. Bc4 e6 4. d3 Bg7 5. Be3 Nf6 6. Ng5 O-O 7. Nh3 d5 8. exd5
exd5 9. Bb3 b5 10. a3 c4 11. dxc4 dxc4 12. Qxd8 Rxd8 13. Ba2 Nc6 14. Nd2 Ne5
15. a4 a6 0-1

[Event "Michigan Action"]
[Site "Detroit, MI"]
[Date "1999.12.18"]
[Round "2"]
[White "Mailing, Ian"]
[Black "Sims, Chris"]
[Result "1-0"]
[WhiteElo "2115"]
[BlackElo "1372"]
[PlyCount "59"]
[EventDate "1999.12.18"]

1. e4 e5 2. f4 exf4 3. Nf3 d5 4. exd5 Nf6 5. Bc4 Bg4 6. O-O Nxd5 7. Nc3 Nxc3 8.
bxc3 Nd7 9. Re1+ Be7 10. Ba3 c5 11. Qe2 Bxf3 12. gxf3 b6 13. d4 Kf8 14. Qe4 Nf6
15. Qxf4 Bd6 16. Qh4 Qc7 17. d5 h6 18. Re2 g5 19. Qh3 g4 20. fxg4 Nxg4 21. Rf1
Rg8 22. Kh1 Qd7 23. Qh4 Qa4 24. Bc1 Qxc4 25. Bxh6+ Rg7 26. Bxg7+ Kxg7 27. Qg5+
Kf8 28. Qh5 f6 29. Rfe1 Kg7 30. Re7+ 1-0